000 00699nam a22002297a 4500
003 DO-SdBNP
005 20220609111050.0
007 ta
008 110301s19802014dr 000 0 spa d
020 _a9789945131765
040 _aDO-SdBNP
_bspa
_cBNPHU
082 4 _axxxx
_bD542s
100 1 _aDíaz Campusano, Julio
_953018
_d1941-
245 1 0 _aSitracodal triunfa contra Nestlé y Monseñor López Rodríguez
_cJulio Díaz Campusano
250 _a2a. ed.
260 _aSanto Domingo :
_bMediaByte,
_c2014.
300 _a99 p. :
_c22 cm.
500 _aIncluye datos biográficos del autor en la contraportada.
590 _aInventariado, 2022/ YL
910 _aYLockward
942 _2ddc
_cLBS1
999 _c51990
_d51990